Evaluación de la capacidad de absorción del carbón activado a partir de la vaina de malinche para la remoción de plomo en agua sintética a nivel de laboratorio
Presenta la evaluación de la capacidad de absorción del carbón activado a partir de la vaina de malinche, contiene obtención del carbón activado a partir de la vaina del malinche por método químico, se determinan las isotermas de absorción del plomo en carbón activado utilizando el modelo d...
| Main Author: | |
|---|---|
| Other Authors: | |
| Format: | Tesis Section = Libro |
| Language: | Undetermined Spanish |
| Published: |
Managua
UNI
2011
|
| Subjects: |
| LEADER | 01324nam a2200253Ia 4500 | ||
|---|---|---|---|
| 008 | 240830s9999 xx 000 0 und d | ||
| 040 | |a BIBLIOTECA-RUSB/ T.Mon 662.93 B139 | ||
| 041 | |a spa | ||
| 082 | |a T.Mon 662.93 B139 | ||
| 100 | 1 | |a Báez Ruiz, Erwin Joel | |
| 245 | 1 | 0 | |a Evaluación de la capacidad de absorción del carbón activado a partir de la vaina de malinche para la remoción de plomo en agua sintética a nivel de laboratorio |
| 260 | |a Managua |b UNI |c 2011 | ||
| 300 | |a 71 p. :il. | ||
| 502 | |a Tesis (Ingeniero Químico) - UNI, 2011. | ||
| 520 | 3 | |a Presenta la evaluación de la capacidad de absorción del carbón activado a partir de la vaina de malinche, contiene obtención del carbón activado a partir de la vaina del malinche por método químico, se determinan las isotermas de absorción del plomo en carbón activado utilizando el modelo de Freundlich y se calcula el porcentaje de remoción de plomo por espectrofotometría. | |
| 650 | 7 | |a CARBONES ACTIVADOS - VAINA DE MALINCHE | |
| 650 | 7 | |b CARACTERIZACIÓN - CARBÓN ACTIVADO | |
| 650 | 7 | |c CARBÓN ACTIVADO - ABSORCIÓN DE PLOMO | |
| 650 | 7 | |d PLOMO - TOXICOLOGÍA | |
| 650 | 7 | |e PROCESOS DE TRATAMIENTO DE AGUA | |
| 700 | 1 | |a Tutor: |b López Valerio, Danilo Ambrosio | |
| 942 | |c BK |2 ddc | ||
| 991 | |a TESIS | ||
| 999 | |c 21934 | ||